=LDR 00000nam 2200000 4500 =001 INLIS000000000035141 =005 20130612141023 =008 ***********************************Ind** =035 ##$$0010-061300000035141 =041 ##$$a Ind =082 ##$$a 346.065 =090 ##$$a 346.065, Sai p =100 ##$$a Said,MuhammadNatsir =245 ##$$a Perusahaan-perushaan Pemerintash di Indonesia ditinjau dari segi Hukum Perusahaan, Muhammad Natsir Said =260 ##$$a 1985 $b Bandung =300 ##$$a ix,460 hlm., 21 cm =650 ##$$a Hukum Perusahaan =850 ##$$a NBPNMAT